Hotel management : sales and marketing service (Record no. 286661)

MARC details
000 -LEADER
fixed length control field 00397nam a2200157Ia 4500
005 - DATE AND TIME OF LATEST TRANSACTION
control field 20240919152212.0
008 - FIXED-LENGTH DATA ELEMENTS--GENERAL INFORMATION
fixed length control field 240126s9999 xx 000 0 und d
020 ## - INTERNATIONAL STANDARD BOOK NUMBER
International Standard Book Number 9788126132409
082 ## - DEWEY DECIMAL CLASSIFICATION NUMBER
Classification number 647.94 MET;1 R
100 ## - MAIN ENTRY--PERSONAL NAME
Personal name Metti, M C.
245 #0 - TITLE STATEMENT
Title Hotel management : sales and marketing service
260 ## - PUBLICATION, DISTRIBUTION, ETC. (IMPRINT)
Name of publisher, distributor, etc. Anmol Publ.
Place of publication, distribution, etc. New Delhi
300 ## - PHYSICAL DESCRIPTION
Extent vii, 279
440 ## - SERIES STATEMENT/ADDED ENTRY--TITLE
Title NULL
942 ## - ADDED ENTRY ELEMENTS (KOHA)
Koha item type PESU Books
Holdings
Date last seen Total Checkouts Full call number Accession number Volume/Issue Number Cost, replacement price Price effective from Category Lost status Damaged status Department Withdrawn status bill no. Permanent Location Current Location Shelving location Entry date Vendor Cost, normal purchase price Grants Currency symbol Conversion rate Discount Discount type
26/01/2024   647.94 MET;1 R PU9564 (30/06/1905) 600.00 26/01/2024 PESU Books     HEM   89702 Central Library Central Library BHM 24/01/2019 Book Paradise 800.00 HM RS 1 200 Rupees

© For any Suggestions or Query, please contact the library staff @ librarian@pes.edu or Phone: +9180 2672 1983/ 2108.